Katalog Plus
Bibliothek der Frankfurt UAS
Bald neuer Katalog: sichern Sie sich schon vorab Ihre persönlichen Merklisten im Nutzerkonto: Anleitung.

Microeconomics

Titel: Microeconomics : Static and Dynamic Analysis / by Krzysztof Malaga, Karolina Sobczak
Verfasser: ;
Ausgabe: 1st ed. 2022
Veröffentlicht: Cham : Springer International Publishing, 2022
Umfang: 1 Online-Ressource (XI, 509 Seiten) : 199 illus., 83 illus. in color.
Format: E-Book
Sprache: Englisch
Mehrbändiges Werk: Springer Texts in Business and Economics
RVK-Notation:
Schlagworte:
Andere Ausgaben: Erscheint auch als Druck-Ausgabe: Malaga, Krzysztof. Microeconomics. - Cham : Springer International Publishing, 2022
ISBN: 9783031105548 ; 3031105540 ; 978--303110553-1 ; 978--303110555-5 ; 978--303110556-2
Buchumschlag
X
alg: 50353049
001A    $06055:10-01-23 
001B    $06055:16-03-26 $t19:18:56.000 
001D    $06055:10-01-23 
001U    $0utf8 
001X    $00 
002@    $0Oax 
002C    $aText $btxt $2rdacontent 
002D    $aComputermedien $bc $2rdamedia 
002E    $aOnline-Ressource $bcr $2rdacarrier 
003@    $0503530492 
003O    $01356273168 $aOCoLC 
004A    $A978-3-031-10554-8 
004A    $03-031-10554-0 
004E/04 $0SpringerNature-41170 $fSubject Collection Economics and Finance 
004E/04 $0SpringerNature-43720 $fSubject Collection Economics and Finance (R0) 
004O    $A978---303110553-1 $Sp 
004O    $A978---303110555-5 $Sp 
004O    $A978---303110556-2 $Sp 
004P    $010.1007/978-3-031-10554-8 $SV389 
007A    $0503530492 $aHEB 
007I    $0Springer978-3-031-10554-8 
009P    $qtext/html $3Inhaltsverzeichnis $uhttp://scans.hebis.de/HEBCGI/show.pl?50353049_toc.html $mX:DE-He213 
009P    $qtext/html $3Ausführliche Beschreibung $uhttp://scans.hebis.de/HEBCGI/show.pl?50353049_aub.html $mX:DE-He213 
009Q    $SV389 $uhttps://doi.org/10.1007/978-3-031-10554-8 $xR 
010@    $aeng 
010E    $erda 
011@    $a2022 
017B    $aZDB-2-ECF 
017B    $aZDB-2-SXEF 
021A    $aMicroeconomics $dStatic and Dynamic Analysis $hby Krzysztof Malaga, Karolina Sobczak 
028A    $aMalaga $BVerfasser $dKrzysztof $4aut 
028C    $aSobczak $BVerfasser $dKarolina $4aut 
032@    $a1st ed. 2022 
033A    $pCham $nSpringer International Publishing 
033E    $pCham $nSpringer International Publishing AG 
034D    $a1 Online-Ressource (XI, 509 Seiten) 
034M    $a199 illus., 83 illus. in color. 
036G    $aSpringer Texts in Business and Economics $x2192-4341 
039D    $aErscheint auch als $tMicroeconomics $dCham $eSpringer International Publishing $f2022 $z978-3-031-10553-1 $lMalaga, Krzysztof $nDruck-Ausgabe 
044A    $aMicroeconomics $S#0 $N650 
044A    $aEconometrics $S#0 $N650 
044A    $aMicroeconomics $S14 $N650 
044A    $aQuantitative Economics $S24 $N650 
044K    $RWirtschaftstheorie $RVolkswirtschaftslehre $#Microeconomics $#Microéconomie $#Microeconomía $#Mikroökonomik $#Mikroökonomie $#Mikroökonomie $#Mikroökonomik $D20251120 $Ecgmnf $74039225-9 $8Mikroökonomie [Ts1] $9085106909 
045B    $a338.5 $eDDC23eng 
045Z    $D20251120 $Ecgmnf $8QC 100 [Tkv] $9411124374 

lok: 50353049 3
101B    $011-01-23 $t10:09:42.000 
101C    $011-01-23 
101U    $0utf8 
145S/01 $a008 

exp: 50353049 3 1 #EPN
201B/01 $011-01-23 $t10:09:42.000 
201C/01 $010-01-23 
201U/01 $0utf8 
203@/01 $01224303458 
204P/01 $010.1007/978-3-031-10554-8 $SV389 
208@/01 $a10-01-23 $bl 
209B/01 $a502 $x05 

lok: 50353049 5

exp: 50353049 5 1 #EPN
201B/01 $010-01-23 $t23:29:26.459 
201C/01 $010-01-23 
201U/01 $0utf8 
203@/01 $01224303466 
204P/01 $010.1007/978-3-031-10554-8 $SV389 
208@/01 $a10-01-23 $bl 

lok: 50353049 20

exp: 50353049 20 1 #EPN
201B/01 $010-01-23 $t23:29:26.462 
201C/01 $010-01-23 
201U/01 $0utf8 
203@/01 $01224303474 
204P/01 $010.1007/978-3-031-10554-8 $SV389 
208@/01 $a10-01-23 $bl 

lok: 50353049 21

exp: 50353049 21 1 #EPN
201B/01 $010-01-23 $t23:29:26.464 
201C/01 $010-01-23 
201U/01 $0utf8 
203@/01 $01224303482 
204P/01 $010.1007/978-3-031-10554-8 $SV389 
208@/01 $a10-01-23 $bl 

lok: 50353049 204

exp: 50353049 204 1 #EPN
201B/01 $010-01-23 $t23:29:26.468 
201C/01 $010-01-23 
201U/01 $0utf8 
203@/01 $01224303490 
204P/01 $010.1007/978-3-031-10554-8 $SV389 
208@/01 $a10-01-23 $bl
LEADER 00000cam a22000002c 4500
001 503530492
003 DE-603
005 20260316191856.0
007 cr||||||||||||
008 230110s2022 xx |||| o| u00||u|eng c
020 |a 9783031105548 
020 |a 3031105540 
024 7 |a 10.1007/978-3-031-10554-8  |2 doi 
028 5 2 |a SpringerNature-41170 
028 5 2 |a SpringerNature-43720 
035 |a (DE-599)HEB503530492 
035 |a (OCoLC)1356273168 
040 |a DE-603  |b ger  |c DE-603  |d DE-603  |e rda 
041 |a eng 
082 7 |a 338.5  |2 23/eng 
084 |a QC 100  |0 (DE-625)141244:  |0 (DE-603)411124374  |2 rvk 
100 1 |a Malaga, Krzysztof  |e Verfasser  |4 aut 
245 0 0 |a Microeconomics  |b Static and Dynamic Analysis  |c by Krzysztof Malaga, Karolina Sobczak 
250 |a 1st ed. 2022 
264 1 |a Cham  |b Springer International Publishing  |c 2022 
264 2 |a Cham  |b Springer International Publishing AG 
300 |a 1 Online-Ressource (XI, 509 Seiten)  |b 199 illus., 83 illus. in color. 
336 |a Text  |b txt  |2 rdacontent 
337 |a Computermedien  |b c  |2 rdamedia 
338 |a Online-Ressource  |b cr  |2 rdacarrier 
490 0 |a Springer Texts in Business and Economics  |x 2192-4341 
650 7 |a Mikroökonomie  |0 (DE-588)4039225-9  |0 (DE-603)085106909  |2 gnd 
700 1 |a Sobczak, Karolina  |e Verfasser  |4 aut 
776 0 8 |i Erscheint auch als  |n Druck-Ausgabe  |a Malaga, Krzysztof  |t Microeconomics  |d Cham : Springer International Publishing, 2022  |z 9783031105531 
776 1 |z 978--303110553-1 
776 1 |z 978--303110555-5 
776 1 |z 978--303110556-2 
856 |u https://doi.org/10.1007/978-3-031-10554-8  |x Resolving-System 
856 4 2 |m X:DE-He213  |q text/html  |u http://scans.hebis.de/HEBCGI/show.pl?50353049_toc.html  |3 Inhaltsverzeichnis 
856 4 2 |m X:DE-He213  |q text/html  |u http://scans.hebis.de/HEBCGI/show.pl?50353049_aub.html  |3 Ausführliche Beschreibung 
912 |a ZDB-2-ECF 
924 1 |9 603  |a (DE-603)1224303458  |b DE-603  |c HES  |d d 
924 1 |9 603  |a (DE-603)1224303466  |b DE-603  |c HES  |d d 
924 1 |9 603  |a (DE-603)1224303474  |b DE-603  |c HES  |d d 
924 1 |9 603  |a (DE-603)1224303482  |b DE-603  |c HES  |d d 
924 1 |9 603  |a (DE-603)1224303490  |b DE-603  |c HES  |d d